| Поле | Название | Значение |
| |
Тип записи |
a |
| |
Библиографический уровень |
m |
| 001 |
Контрольный номер |
RU/URAIT/585750 |
| 005 |
Дата корректировки |
20260429163702.7 |
| 008 |
Кодируемые данные |
260429s2026 RU y f j 000 0 rus u |
| 020 |
Индекс ISBN |
__ |
| a |
ISBN |
978-5-534-21299-0 |
| c |
Цена, тираж |
2029.00 |
| 040 |
Источник каталогиз. |
__ |
| a |
Служба первич. каталог. |
ИКО Юрайт |
| c |
Служба, преобразующая запись |
ИКО Юрайт |
| e |
Правила каталог. |
RCR |
| 041 |
Код языка издания |
__ |
| a |
Код языка текста |
rus |
| 044 |
Код страны публикации |
__ |
| a |
Код страны публикации |
RU |
| 080 |
Индекс УДК |
__ |
| a |
Индекс УДК |
36(075.32) |
| 084 |
Индекс другой классификации/Индекс ББК |
__ |
| 2 |
Источник индекса |
rubbk |
| a |
Индекс другой классификации/Индекс ББК |
65.272я723 |
| 100 |
Автор |
__ |
| a |
Автор |
Мартыненко А. В. |
| q |
Полное имя |
Мартыненко Александр Владимирович |
| 245 |
Заглавие |
__ |
| a |
Заглавие |
Социальная медицина |
| b |
Продолж. заглавия |
учебник для спо |
| c |
Ответственность |
А. В. Мартыненко [и др.] ; под редакцией А. В. Мартыненко. |
| 250 |
Сведения об издании |
__ |
| g |
|
пер. и доп |
| a |
Основные сведения об издании |
3-е изд. |
| 256 |
Характеристики компьютерного файла |
__ |
| a |
Характеристики компьютерного файла |
Электрон. дан. |
| 260 |
Выходные данные |
__ |
| a |
Место издания |
Москва |
| b |
Издательство |
Юрайт |
| c |
Дата издания |
2026 |
| 300 |
Физическое описание |
__ |
| a |
Объем |
389 с |
| 440 |
Серия |
__ |
| a |
Серия |
Профессиональное образование |
| 500 |
Примечания |
__ |
| a |
Примечание |
URL: https://urait.ru/bcode/585750 (дата обращения: 29.04.2026). |
| 520 |
Аннотация |
__ |
| a |
Аннотация |
В курсе рассматриваются основные вопросы социальной медицины как науки и учебной дисциплины, изучающей социальные факторы, влияющие на общественное здоровье, методы его сохранения и укрепления. Соответствует актуальным требованиям Федерального государственного образовательного стандарта среднего профессионального образования и профессиональным требованиям. Для студентов образовательных учреждений среднего профессионального образования и преподавателей. |
| 538 |
Прим. о системных особенностях |
__ |
| a |
Прим. о системных особенностях |
Режим доступа: Электронно-библиотечная система Юрайт, для авториз. пользователей |
| 653 |
Ключевые слова |
__ |
| a |
Ключевые слова |
Охрана и профилактика здоровья. Социальная, спортивная медицина. История медицины |
| 653 |
Ключевые слова |
__ |
| a |
Ключевые слова |
Медицина и фармакология |
| 653 |
Ключевые слова |
__ |
| a |
Ключевые слова |
Основы социальной медицины |
| 653 |
Ключевые слова |
__ |
| a |
Ключевые слова |
Социальная медицина |
| 653 |
Ключевые слова |
__ |
| a |
Ключевые слова |
Правовые основы медико-социальной медицины |
| 653 |
Ключевые слова |
__ |
| a |
Ключевые слова |
Социально-медицинские основы профессиональной деятельности |
| 653 |
Ключевые слова |
__ |
| a |
Ключевые слова |
Социальная работа в здравоохранении |
| 653 |
Ключевые слова |
__ |
| a |
Ключевые слова |
Социальная медицина. Общие вопросы |
| 653 |
Ключевые слова |
__ |
| a |
Ключевые слова |
Основы валеологии и социальной медицины |
| 700 |
Другие авторы |
__ |
| a |
Другие авторы |
Блинков Ю. А. |
| q |
Полное имя |
Блинков Юрий Андреевич |
| 700 |
Другие авторы |
__ |
| a |
Другие авторы |
Бурцев С. П. |
| q |
Полное имя |
Бурцев Сергей Петрович |
| 700 |
Другие авторы |
__ |
| a |
Другие авторы |
Воробцова Е. С. |
| q |
Полное имя |
Воробцова Елена Сайдзяновна |
| 700 |
Другие авторы |
__ |
| a |
Другие авторы |
Довженко Т. В. |
| q |
Полное имя |
Довженко Татьяна Викторовна |
| 700 |
Другие авторы |
__ |
| a |
Другие авторы |
Лукьянова И. Е. |
| q |
Полное имя |
Лукьянова Инна Евгеньевна |
| 700 |
Другие авторы |
__ |
| a |
Другие авторы |
Ляхович А. В. |
| q |
Полное имя |
Ляхович Александр Владимирович |
| 700 |
Другие авторы |
__ |
| a |
Другие авторы |
Решетников А. В. |
| q |
Полное имя |
Решетников Андрей Вениаминович |
| 700 |
Другие авторы |
__ |
| a |
Другие авторы |
Сигида Е. А. |
| q |
Полное имя |
Сигида Евгений Антонович |
| 856 |
Электронный адрес документа |
40 |
| n |
Местонахождение сервера |
Юрайт |
| g |
|
Электронная книга |
| q |
Тип электронного формата |
html |
| h |
Имя пользователя |
ЮРАЙТ |
| v |
Часы доступа к ресурсу |
20271231 |
| 2 |
Способ доступа |
Показать документ |
| x |
Служебное примечание |
https://urait.ru/book/cover/D56176F3-4EC4-4FA8-BCFA-DC325B89070F |
| u |
URL |
https://urait.ru/bcode/585750 |
| 856 |
Электронный адрес документа |
48 |
| q |
Тип электронного формата |
cover |
| u |
URL |
https://urait.ru/book/cover/D56176F3-4EC4-4FA8-BCFA-DC325B89070F |
| 911 |
|
__ |
| u |
|
0030=https://urait.ru/bcode/585750 |
| 911 |
|
__ |
| u |
|
073a=9785534212990 |
| u |
|
073d=2029.00 |
| 911 |
|
__ |
| u |
|
106a=s |
| 911 |
|
__ |
| u |
|
900l= |
| 952 |
Тип литературы |
__ |
| i |
Дисциплина |
Основы социальной медицины |
| 952 |
Тип литературы |
__ |
| i |
Дисциплина |
Социальная медицина |
| 952 |
Тип литературы |
__ |
| i |
Дисциплина |
Правовые основы медико-социальной медицины |
| 952 |
Тип литературы |
__ |
| i |
Дисциплина |
Социально-медицинские основы профессиональной деятельности |
| 952 |
Тип литературы |
__ |
| i |
Дисциплина |
Социальная работа в здравоохранении |
| 952 |
Тип литературы |
__ |
| i |
Дисциплина |
Социальная медицина. Общие вопросы |
| 952 |
Тип литературы |
__ |
| i |
Дисциплина |
Основы валеологии и социальной медицины |